Common access (Record no. 72594)
[ view plain ]
| 000 -LEADER | |
|---|---|
| fixed length control field | 01519cam a2200253 4500 |
| 001 - CONTROL NUMBER | |
| control field | ABS66634 |
| 008 - FIXED-LENGTH DATA ELEMENTS--GENERAL INFORMATION | |
| fixed length control field | 030430n2002 000 0 eng u |
| 035 ## - SYSTEM CONTROL NUMBER | |
| System control number | (Sirsi) u122152 |
| 100 ## - MAIN ENTRY--PERSONAL NAME | |
| Personal name | Harper, K. |
| 245 ## - TITLE STATEMENT | |
| Title | Common access |
| 260 ## - PUBLICATION, DISTRIBUTION, ETC. | |
| Date of publication, distribution, etc. | 2002 |
| 490 ## - SERIES STATEMENT | |
| Series statement | Solicitors' Journal |
| Volume/sequential designation | 146(46) 6 December 2002, 1099-1100(2) |
| 520 ## - SUMMARY, ETC. | |
| Summary, etc. | Discusses the implications of the case "Massey v Boulden" ([2002] EWCA Civ 1634 Abs66173) for those with rights of access under prescription. The claimants could not acquire a prescriptive vehicular right of way on a track across a village green owned by the defendants as it contravened the Road Traffic Act 1988 s34(1)(a) and (b). The main implication of this case is, if these prescribed rights of way are to continue, landlords can demand payment under the Countryside and Rights of Way Act 2000. The Vehicular Access Across Common and Other Land Regulations 2002 set out the details of costs and procedure but applications need to made as soon as possible as the Regulations require applications within 12 months of 3 July 2002 or the date on which the use of the right of way ceases. |
| 590 ## - LOCAL NOTE (RLIN) | |
| Local note | ABS |
| 650 ## - SUBJECT ADDED ENTRY--TOPICAL TERM | |
| Topical term or geographic name entry element | RIGHTS OF WAY |
| 650 ## - SUBJECT ADDED ENTRY--TOPICAL TERM | |
| Topical term or geographic name entry element | PRESCRIPTIVE RIGHTS |
| 650 ## - SUBJECT ADDED ENTRY--TOPICAL TERM | |
| Topical term or geographic name entry element | MASSEY AND ANOTHER V BOULDEN AND ANOTHER |
| 650 ## - SUBJECT ADDED ENTRY--TOPICAL TERM | |
| Topical term or geographic name entry element | COUNTRYSIDE AND RIGHTS OF WAY ACT 2000 |
| 650 ## - SUBJECT ADDED ENTRY--TOPICAL TERM | |
| Topical term or geographic name entry element | VEHICULAR ACCESS ACROSS COMMON AND OTHER LAND (ENGLAND) REGULATIONS 2002 |
| 650 ## - SUBJECT ADDED ENTRY--TOPICAL TERM | |
| Topical term or geographic name entry element | VILLAGE GREENS |
| 650 ## - SUBJECT ADDED ENTRY--TOPICAL TERM | |
| Topical term or geographic name entry element | ROAD TRAFFIC ACT 1988 |
| 690 ## - LOCAL SUBJECT ADDED ENTRY--TOPICAL TERM (OCLC, RLIN) | |
| Topical term or geographic name as entry element | PROPERTY |
| 942 ## - ADDED ENTRY ELEMENTS (KOHA) | |
| Suppress in OPAC | 0 |
| Withdrawn status | Lost status | Source of classification or shelving scheme | Damaged status | Not for loan | Home library | Current library | Shelving location | Date acquired | Total Checkouts | Full call number | Barcode | Date last seen | Copy number | Price effective from | Koha item type |
|---|---|---|---|---|---|---|---|---|---|---|---|---|---|---|---|
| Dewey Decimal Classification | London | London | Journal article | 30/04/2003 | ABS66634 | 122152-1001 | 06/08/2019 | 1 | 06/08/2019 | Journal article |